Sports Quiz

Random Sports or MLB Quiz

Detroit Tigers Opening Day Starting Pitchers Quiz Stats

 Plays Quiz Updated Apr 1, 2019

Score 0/119 Timer 12:00
7 Plays Today
Year Pitcher % Correct
2008Justin Verlander
95.3%
2009Justin Verlander
95.3%
2010Justin Verlander
95.3%
2011Justin Verlander
95.3%
2012Justin Verlander
95.3%
2013Justin Verlander
95.3%
2014Justin Verlander
95.3%
2016Justin Verlander
95.3%
2017Justin Verlander
95.3%
1980Jack Morris
70.2%
1981Jack Morris
70.2%
1982Jack Morris
70.2%
1983Jack Morris
70.2%
1984Jack Morris
70.2%
1985Jack Morris
70.2%
1986Jack Morris
70.2%
1987Jack Morris
70.2%
1988Jack Morris
70.2%
1989Jack Morris
70.2%
1990Jack Morris
70.2%
1967Denny McLain
53%
1969Denny McLain
53%
1965Mickey Lolich
50.4%
1966Mickey Lolich
50.4%
1970Mickey Lolich
50.4%
1971Mickey Lolich
50.4%
1972Mickey Lolich
50.4%
1973Mickey Lolich
50.4%
1974Mickey Lolich
50.4%
2004Jason Johnson
42.2%
2006Kenny Rogers
41.8%
1945Hal Newhouser
41.1%
1946Hal Newhouser
41.1%
1947Hal Newhouser
41.1%
1948Hal Newhouser
41.1%
1949Hal Newhouser
41.1%
1951Hal Newhouser
41.1%
2005Jeremy Bonderman
40.5%
2007Jeremy Bonderman
40.5%
2015David Price
38.9%
Year Pitcher % Correct
1978Mark Fidrych
38.7%
2019Jordan Zimmermann
33.1%
1968Earl Wilson
28.2%
2018Jordan Zimmermann
28.1%
1991Frank Tanana
27.7%
2003Mike Maroth
25.8%
1958Jim Bunning
22.3%
1959Jim Bunning
22.3%
1961Jim Bunning
22.3%
1963Jim Bunning
22.3%
1998Justin Thompson
20.9%
1977Dave Roberts
20.2%
2001Jeff Weaver
17.8%
2002Jeff Weaver
17.8%
1992Bill Gullickson
17.3%
1993Mike Moore
16.9%
1994Mike Moore
16.9%
1995Mike Moore
16.9%
1944Dizzy Trout
15.3%
1952Dizzy Trout
15.3%
1935Schoolboy Rowe
14.3%
1936Schoolboy Rowe
14.3%
1975Joe Coleman
14.1%
1976Joe Coleman
14.1%
1956Frank Lary
13.9%
1957Frank Lary
13.9%
1960Frank Lary
13.9%
1901Roscoe Miller
13.7%
1902Roscoe Miller
13.7%
1979Dave Rozema
13.4%
1913George Mullin
13.4%
1903George Mullin
13.3%
1904George Mullin
13.3%
1905George Mullin
13.3%
1906George Mullin
13.3%
1907George Mullin
13.3%
1909George Mullin
13.3%
1910George Mullin
13.3%
1911George Mullin
13.3%
1912George Mullin
13.3%
Year Pitcher % Correct
1920Hooks Dauss
11.8%
1924Hooks Dauss
11.8%
1933Tommy Bridges
11.4%
1939Tommy Bridges
11.4%
1943Tommy Bridges
11.4%
2000Hideo Nomo
11.2%
1940Bobo Newsom
9.9%
1941Bobo Newsom
9.9%
1999Brian Moehler
9.9%
1996Felipe Lira
9.6%
1915Harry Coveleski
7.5%
1916Harry Coveleski
7.5%
1926Earl Whitehill
7.1%
1927Earl Whitehill
7.1%
1929Earl Whitehill
7.1%
1931Earl Whitehill
7.1%
1962Don Mossi
7.1%
1917Bill James
6.9%
1997Doug Brocail
6.9%
1937Elden Auker
6.8%
1921Dutch Leonard
6.7%
1925Dutch Leonard
6.7%
1923Rip Collins
6.4%
1930George Uhle
5.7%
1919Howard Ehmke
5.3%
1950Fred Hutchinson
5.1%
1964Phil Regan
5.1%
1953Ned Garver
5%
1955Ned Garver
5%
1908Ed Siever
4.6%
1934Firpo Marberry
4.5%
1954Steve Gromek
4.2%
1942Al Benton
4.1%
1932Vic Sorrell
4.1%
1918Bernie Boland
3.9%
1914Jean Dubuc
3.8%
1938Roxie Lawson
3.7%
1922Red Oldham
3.5%
1928Josh Billings
3.4%

You're not logged in!

Compare scores with friends on all Sporcle quizzes.
OR
Log In

You Might Also Like...

Show Comments

Extras

Top Quizzes Today


Score Distribution

Your Account Isn't Verified!

In order to create a playlist on Sporcle, you need to verify the email address you used during registration. Go to your Sporcle Settings to finish the process.

Report this User

Report this user for behavior that violates our Community Guidelines.

Details: